| 000 | 00735cam a2200229 a 4500 | ||
|---|---|---|---|
| 999 |
_c3363 _d3363 |
||
| 001 | 1904 | ||
| 003 | BD-DhUAP | ||
| 005 | 20201212100103.0 | ||
| 008 | 200301s1998 bg abf b f000 0 eng | ||
| 020 | _a0314068023 | ||
| 020 | _a9780314068026 | ||
| 040 |
_aBD-DhUAP _cBD-DhUAP _dBD-DhUAP _bEng |
||
| 082 |
_a174.4 LAR _223 |
||
| 100 | _aLarmer, Robert A. | ||
| 245 |
_aEthics in the workplace : _bselected readings in business ethics / _cRobert A. Larmer. |
||
| 260 |
_aNew York : _bSt. paul, MN West., _cc1996. |
||
| 300 |
_a610 pages : _billustrations ; _c25 cm. |
||
| 504 | _aIncludes bibliographical references and index. | ||
| 650 | _aBusiness ethics. | ||
| 942 |
_2ddc _cBK |
||